000 00553nam a2200217Ia 4500
003 OSt
005 20220928151302.0
006 a|||||r|||| 00| 0
007 ta
008 220927b |||||||| |||| 00| 0 eng d
024 _a122668
037 _cTextual
040 _aSDCL
_cSDCL
_beng
041 _2eng
_aeng
082 _aO121,1G65:g, M6
100 _aFreccero John
_9516914
245 0 _aDante
_b The poetics of conversion.
260 _c1986
942 _hO121,1G65:g, M6
_cTEXL
_2CC
999 _c850923
_d850923